Colonial Latin America.
Uloženo v:
| Hlavní autoři: | , |
|---|---|
| Médium: | Kniha |
| Jazyk: | angličtina |
| Vydáno: |
New York, United States of America:
Oxford University Press,
2012.
|
| Vydání: | Eighth edition. |
| Témata: | |
| Tagy: |
Přidat tag
Žádné tagy, Buďte první, kdo vytvoří štítek k tomuto záznamu!
|
MARC
| LEADER | 00000nam a22000007a 4500 | ||
|---|---|---|---|
| 003 | CL-VaPUC | ||
| 005 | 20241216165846.0 | ||
| 008 | 241210b ||||| |||| 00| 0 eng d | ||
| 999 | |c 446239 |d 446237 | ||
| 020 | |a 978-0-19-986588-8 | ||
| 040 | |c Pontificia Universidad Católica de Valparaíso | ||
| 082 | |2 22 |a 980.013 BUR 2012 | ||
| 100 | |9 894696 |a Burkholder, Mark A. |e author | ||
| 245 | |a Colonial Latin America. | ||
| 250 | |a Eighth edition. | ||
| 260 | |a New York, United States of America: |b Oxford University Press, |c 2012. | ||
| 300 | |a xi, 416 páginas. | ||
| 500 | |a c.1: Donación P.I.I.E. 2-12-2024. | ||
| 583 | |c 20241210 |k Yessy Sthefany Diaz Vidal | ||
| 650 | 0 | |9 316469 |a Colonialismo |x Aspectos culturales, económicos y políticos |y Siglos 18-19 | |
| 650 | 0 | |9 267777 |a Conquista española |x Guerras de independencias | |
| 651 | 0 | |9 255027 |a América Latina |v Historia |y Hasta 1830 | |
| 700 | |9 587384 |a Johnson, Lyman L. |e author | ||
| 942 | |2 ddc |c BK | ||
| 952 | |0 0 |1 0 |2 ddc |4 0 |6 980_013000000000000_BUR_2012 |7 0 |8 A |9 598578 |a BIBGIM |b BIBGIM |d 2024-12-10 |e Donación |i 5663575 |o 980.013 BUR 2012 |p 5663575 |r 2025-01-15 |t 1 |w 2024-12-10 |y BK |k ELE | ||